| 000 | 00364nam a22001217a 4500 | ||
|---|---|---|---|
| 082 | _a220 PRO | ||
| 100 |
_aNS ADEEL ASIF NS HAMZA ZAMAN GC MUJAHID ZAKRIA _970646 |
||
| 245 | _aPR-SOF-1841-AUTONOMOUS DIGITAL MARKETER | ||
| 260 |
_aISLAMABAD _bNUST COLLEGE OF EME _c2019 |
||
| 650 |
_aDE-COMP-37 _970647 |
||
| 700 |
_a SUPERVISOR DR FARHAN RIAZ _969758 |
||
| 942 | _cCR | ||
| 999 |
_c577582 _d577582 |
||